Kód: 22197424 Roadmap A2 Teacher's Book with digital resources and assessment package
Saved in:
| Main Author: | |
|---|---|
| Format: | Book |
| Language: | English |
| Published: |
Harlow,Essex:
Pearson,
2020.
|
| Series: | Roadmap
|
| Online Access: | View in OPAC |
| Tags: |
No Tags, Be the first to tag this record!
|
MARC
| LEADER | 00000nam a22000007a 4500 | ||
|---|---|---|---|
| 003 | SK-BrSCK | ||
| 005 | 20260127134426.0 | ||
| 008 | 250402b2020 enka|||| |||| 00| 0 eng d | ||
| 020 | |a 9781292227863 | ||
| 040 | |a SK-BrSCK |b slo |c SK-BrSCK | ||
| 100 | |a Williams, Damian |e aut. |9 2450 | ||
| 245 | |a Kód: 22197424 Roadmap A2 Teacher's Book with digital resources and assessment package |c Damian Williams | ||
| 260 | |a Harlow,Essex: |b Pearson, |c 2020. | ||
| 300 | |a 249 p.: |b ill.; |c 30 cm. | ||
| 490 | |a Roadmap | ||
| 942 | |2 udc |c 14 | ||
| 999 | |c 12513 |d 12513 | ||